<?xml version="1.0" encoding="UTF-8"?>
<record
    xmlns:xsi="http://www.w3.org/2001/XMLSchema-instance"
    xsi:schemaLocation="http://www.loc.gov/MARC21/slim http://www.loc.gov/standards/marcxml/schema/MARC21slim.xsd"
    xmlns="http://www.loc.gov/MARC21/slim">

  <leader>00828nam a2200217 i 4500</leader>
  <controlfield tag="001">123109</controlfield>
  <controlfield tag="003">ES-MaACL</controlfield>
  <controlfield tag="005">20251113183512.0</controlfield>
  <controlfield tag="007">t|</controlfield>
  <controlfield tag="008">070214s1971    sp      r    ||||0| spa d</controlfield>
  <datafield tag="245" ind1="0" ind2="1">
    <subfield code="a">&#xBF;Qu&#xE9; es el carlismo? / </subfield>
    <subfield code="c">edici&#xF3;n cuidada por Francisco El&#xED;as de Tejada-Spinola, Rafael Gambra Ciudad, Francisco Puy Mu&#xF1;oz.</subfield>
  </datafield>
  <datafield tag="260" ind1=" " ind2=" ">
    <subfield code="a">Madrid : </subfield>
    <subfield code="b">Centro de Estudios Hist&#xF3;ricos y Pol&#xED;ticos `General Zumalac&#xE1;rregui`,</subfield>
    <subfield code="c">1971.</subfield>
  </datafield>
  <datafield tag="300" ind1=" " ind2=" ">
    <subfield code="a">206 p ; </subfield>
    <subfield code="c">18 cm.</subfield>
  </datafield>
  <datafield tag="610" ind1="2" ind2="4">
    <subfield code="a">Partido Carlista.</subfield>
    <subfield code="9">6133</subfield>
  </datafield>
  <datafield tag="700" ind1="1" ind2=" ">
    <subfield code="a">El&#xED;as de Tejada, Francisco.</subfield>
    <subfield code="9">46976</subfield>
  </datafield>
  <datafield tag="700" ind1="1" ind2=" ">
    <subfield code="a">Gambra, Rafael.</subfield>
    <subfield code="9">53775</subfield>
  </datafield>
  <datafield tag="700" ind1="1" ind2=" ">
    <subfield code="a">Puy Mu&#xF1;oz, Francisco, </subfield>
    <subfield code="d">1936-</subfield>
    <subfield code="9">94445</subfield>
  </datafield>
  <datafield tag="710" ind1="2" ind2=" ">
    <subfield code="a">Centro de Estudios Hist&#xF3;ricos y Pol&#xED;ticos "General Zumalac&#xE1;rregui"</subfield>
    <subfield code="9">2650</subfield>
  </datafield>
  <datafield tag="852" ind1=" " ind2=" ">
    <subfield code="a">ES-MaACL</subfield>
    <subfield code="j">C-50199 </subfield>
    <subfield code="b">R.80024</subfield>
  </datafield>
  <datafield tag="999" ind1=" " ind2=" ">
    <subfield code="c">123109</subfield>
    <subfield code="d">123109</subfield>
  </datafield>
  <datafield tag="952" ind1=" " ind2=" ">
    <subfield code="0">0</subfield>
    <subfield code="1">0</subfield>
    <subfield code="4">0</subfield>
    <subfield code="7">0</subfield>
    <subfield code="a">ATENEOM</subfield>
    <subfield code="b">ATENEOM</subfield>
    <subfield code="c">DEPO2</subfield>
    <subfield code="d">2008-01-17</subfield>
    <subfield code="e">SC</subfield>
    <subfield code="l">0</subfield>
    <subfield code="o">C-50199</subfield>
    <subfield code="p">1128280</subfield>
    <subfield code="r">2023-02-23 00:00:00</subfield>
    <subfield code="w">2023-02-23</subfield>
    <subfield code="y">MONOGRAFIA</subfield>
  </datafield>
</record>
